Classement des nations aux Jeux européens 2015/2023 - Statistiques

Statistiques générales
  • Ce quiz a été pris 10 fois
  • Le résultat moyen est 9 sur 46
Statistiques - réponses
Rang Or Argent Bronze Total Pays % Correct
1 123 63 87 273 Russie
100%
3 43 28 73 144 Allemagne
86%
5 35 41 57 133 France
71%
2 58 67 63 188 Italie
71%
6 36 29 54 119 Royaume-Uni
43%
19 10 15 14 39 Autriche
29%
25 10 10 10 30 Belgique
29%
17 7 15 18 40 Bulgarie
29%
8 34 30 36 100 Espagne
29%
35 4 1 7 12 Finlande
29%
12 22 20 35 77 Hongrie
29%
30 6 4 10 20 Norvège
29%
12 25 31 21 77 Pays-Bas
29%
10 18 28 38 84 Pologne
29%
26 5 11 12 28 Suède
29%
17 8 12 20 40 Suisse
29%
4 45 43 50 138 Ukraine
29%
41 2 0 1 3 Albanie
14%
21 14 10 14 38 Danemark
14%
36 2 4 5 11 Estonie
14%
23 6 11 18 35 Grèce
14%
41 1 1 1 3 Kosovo
14%
32 6 5 5 16 Lettonie
14%
34 6 4 4 14 Lituanie
14%
39 0 2 3 5 Luxembourg
14%
41 0 1 2 3 Macédoine
14%
44 0 1 1 2 Monténégro
14%
16 9 17 15 41 Portugal
14%
19 11 14 14 39 Roumanie
14%
22 12 12 13 37 Serbie
14%
31 3 7 9 19 Slovaquie
14%
15 9 17 22 48 Tchéquie
14%
11 17 19 46 82 Turquie
14%
33 5 5 5 15 Arménie
0%
9 29 27 39 95 Azerbaïdjan
0%
7 34 27 51 112 Biélorussie
0%
44 0 2 0 2 Bosnie-Herzégovine
0%
38 0 5 2 7 Chypre
0%
24 8 9 15 32 Croatie
0%
14 12 18 22 52 Géorgie
0%
27 7 7 12 26 Irlande
0%
28 6 8 10 24 Israël
0%
37 1 2 7 10 Moldavie
0%
46 0 1 0 1 Monaco
0%
40 0 2 2 4 Saint-Marin
0%
28 8 10 6 24 Slovénie
0%
Aucun quiz correspondant
Distribution des résultats
% des personnes avec chaque résultat
Percentile par nombre de réponses
Votre historique - résultats
Vous n’avez pas pris ce quiz